LIBRARY & INFORMATION CENTRE, KCAET, TAVANUR

ONLINE PUBLIC ACCESS CATALOGUE (OPAC)

Development and Performance Evaluation of a Blancher Cum Dryer for Jackfruit (Record no. 14884)

MARC details
000 -LEADER
fixed length control field 00668nam a22001697a 4500
003 - CONTROL NUMBER IDENTIFIER
control field OSt
088 ## - REPORT NUMBER
Report number T 388
100 ## - MAIN ENTRY--AUTHOR NAME
Personal name ANUPAMA B.M
245 ## - TITLE STATEMENT
Title Development and Performance Evaluation of a Blancher Cum Dryer for Jackfruit
260 ## - PUBLICATION, DISTRIBUTION, ETC. (IMPRINT)
Place of publication Tavanur 2017
Name of publisher DEPARTMENT OF FOOD AND AGRICULTURAL PROCESS ENGINEERING
500 ## - GENERAL NOTE
General note Development and Performance Evaluation of a Blancher Cum Dryer for Jackfruit
520 ## - SUMMARY, ETC.
Summary, etc Development and Performance Evaluation of a Blancher Cum Dryer for Jackfruit
700 ## - ADDED ENTRY--PERSONAL NAME
Personal name Dr. Sudheer K. P (Guide)
856 ## - ELECTRONIC LOCATION AND ACCESS
Uniform Resource Identifier https://drive.google.com/open?id=1FexmVng676E4dQy_pK-FsxDyZZrCczfP
942 ## - ADDED ENTRY ELEMENTS (KOHA)
Koha item type Theses
Holdings
Collection code Home library Current library Shelving location Full call number Accession Number Koha item type Public note
Reference KAUAET KAUAET Reference 664 ANU/DE T 388 Theses M.Tech Thesis
free website counter